Arte costarricense: un siglo (Registro nro. 3419)
[ vista simple ]
| 000 -Cabecera | |
|---|---|
| Campo de control de longitud fija | 00543aam a2200229 4500 |
| 005 - Fecha y hora de la última transacción | |
| Campo de control | 20240423121739.0 |
| 008 - Elementos de longitud fija--Información general | |
| Campo de control de longitud fija | 150227b xxu||||| |||| 00| 0 eng d |
| 020 ## - International Standard Book Number | |
| Número Internacional Estándar del Libro (ISBN) | 9977237956 |
| 041 ## - Idioma | |
| Código de idioma | Español |
| 082 ## - Clasificación Decimal Dewey | |
| Número de clasificación | 709.728.6 R741a |
| 100 ## - Entrada principal--Autor personal | |
| Nombre personal | Rojas González, José Miguel |
| 9 (RLIN) | 29109 |
| 245 ## - Título propiamente dicho | |
| Título | Arte costarricense: un siglo |
| 260 ## - Pie de imprenta | |
| Lugar de publicación, distribución, etc. | Costa Rica |
| 260 ## - Pie de imprenta | |
| Nombre del editor, distribuidor, etc. | Editorial Costa Rica |
| 260 ## - Pie de imprenta | |
| Fecha de publicación, distribución, etc. | 2003 |
| 300 ## - Descripción física | |
| Extensión | 308 páginas |
| 650 ## - Materia general | |
| Temática (materia general) | ARTE |
| 650 ## - Materia general | |
| Temática (materia general) | COSTA RICA |
| 650 ## - Materia general | |
| Temática (materia general) | HISTORIA |
| 942 ## - Punto de acceso adicional KOHA | |
| Tipo de ítem KOHA | Libro |
| Fuente del sistema de clasificación o colocación | Dewey Decimal Classification |
| Signatura completa | Código de barras | Programa Académico | Tipo de ítem |
|---|---|---|---|
| 709.728.6 R741a | 12507 | Turismo | Libro |